1296 1114 1619 1455 1526 1818 1840 1627 1105 1881 1184 1758 1869 1984 1803 1476 1882 1262 1545 1818 1353 1399 1410 1553 1363 1854 1979 1919 1826 1684 1280 1728 1751 1663 1708 1367 1114 1254 1792 1039 1239 1702 1504 1064 1523 1959 1908 1966 1677 1955 1107 1445 1087 1746 1506 1033 1679 1964 1356 1513 1776 1682 1158 1342 1275 1219 1618 1605 1364 1584 1136 1615 1352 1999 1607 1587 1984 1066 1917 1978 1706 1575 1863 1029 1531 1096 1229 1483 1290 1289 1993 1280 1144 1118 1757 1252 1293 1786 1006 BCNSPRNW ULIB Ver.6.0+V

เปลี่ยนเป็นภาษาไทย

Change to English
 แสดงรายละเอียดบรรณานุกรม
  กลับหน้าหลัก

Brief Record : Get Marc (ISO 2709) : E-mail record : QR code < ปิดหน้าต่าง
LEADER : 00000nam a2200000Ia 4500
001    13399126969
003     ULIB
008    170717s2559 th a 000 0 tha d
020    ^a9786164131507
040    ^abms
050  4 ^aH62^bท461ว
245 10 ^aวิธีวิทยาการวิจัย =^bResearch methodology /^cทิพย์สิริ กาญจนวาสี,ศิริชัย กาญจนวาสี
246 30 ^aResearch methodology
250    ^aพิมพ์ครั้งที่ 1
260    ^aกรุงเทพฯ :^bทรีบีการพิมพ์และตรายาง,^c2559
300    ^a277 หน้า :^bภาพประกอบ ;^c30 ซม.
505 0  ^aการวิจัย -- การเตรียมการวิจัย -- การกำหนดปัญหาในการวิจัย --การพัฒนากรอบแนวคิดของการวิจัย -- การออกแบบการวิจัย --การเขียนเสนอโครงการวิจัย -- การพัฒนาเครื่องมือการวิจัย --การกำหนกกลุ่มตัวอย่างและการเก็บรวบรวมข้อมูล -- การวิเคราะห์ข้อมูล --การเขียนรายงานการวิจัย -- การเผยแพร่ผลงานวิจัย
650  4 ^aวิจัย^xวิธีวิทยา
650  4 ^aการเขียนโครงการวิจัย
700 0  ^aศิริชัย กาญจนวาสี
910    ^aSend to UC
945    ^p300^l0^i27761
945    ^p300^l0^i27759
945    ^p300^l0^i27760
945    ^p300^l0^i27758
945    ^p300^l0^i27757
995    ^aกัณชพร จุลอักษร
999    ^aกัณชพร
รายการนี้ยังไม่มีแท็ก
คุณยังไม่ได้ล็อกอิน คุณสามารถมีกิจกรรมร่วมกับเว็บไซต์ได้ แต่ต้องล็อกอินก่อน ::
  ล็อกอิน

รายการสื่อสารสนเทศ

ลำดับที่ ประเภท เลขเรียก/บาร์โค้ด สถานที่ สถานะ
1. หนังสือสำรอง
หนังสือสำรอง
H62 ท461ว ฉ.1 
  Barcode: 27757
ห้องสมุดวิทยาเขตนครสวรรค์
►หนังสือทั่วไป:l:General Books
บนชั้น
2. วิทยาศาสตร์การแพทย์ และสุขภาพ
วิทยาศาสตร์การแพทย์ และสุขภาพ
H62 ท461ว ฉ.2 
  Barcode: 27758
ห้องสมุดวิทยาเขตนครสวรรค์
►หนังสือทั่วไป:l:General Books
บนชั้น
3. วิทยาศาสตร์การแพทย์ และสุขภาพ
วิทยาศาสตร์การแพทย์ และสุขภาพ
H62 ท461ว ฉ.3 
  Barcode: 27759
ห้องสมุดวิทยาเขตนครสวรรค์
►หนังสือทั่วไป:l:General Books
บนชั้น
4. วิทยาศาสตร์การแพทย์ และสุขภาพ
วิทยาศาสตร์การแพทย์ และสุขภาพ
H62 ท461ว ฉ.4 
  Barcode: 27760
ห้องสมุดวิทยาเขตนครสวรรค์
►หนังสือทั่วไป:l:General Books
บนชั้น
5. วิทยาศาสตร์การแพทย์ และสุขภาพ
วิทยาศาสตร์การแพทย์ และสุขภาพ
H62 ท461ว ฉ.5 
  Barcode: 27761
ห้องสมุดวิทยาเขตนครสวรรค์
►หนังสือทั่วไป:l:General Books
บนชั้น

รายการใกล้เคียง
    หัวเรื่อง [การเขียนโครงการวิจัย]

BibComment


ยังไม่เคยถูกคอมเมนท์

คอมเมนท์ทรัพยากรรายการนี้
  คอมเมนท์: วิธีวิทยาการวิจั..


 Copyright 2026. Bcnsprnw @Library